Normal view
MARC view
- Viorst Judith
Entry Personal Name
001 - CONTROL NUMBER
- control field: 7463
003 - CONTROL NUMBER IDENTIFIER
- control field: OSt
005 - DATE AND TIME OF LATEST TRANSACTION
- control field: 20200215101114.0
008 - FIXED-LENGTH DATA ELEMENTS
- fixed length control field: 200215|| aca||aabn | a|a d
040 ## - CATALOGING SOURCE
- Original cataloging agency: OSt
- Transcribing agency: OSt
100 ## - HEADING--PERSONAL NAME
- Personal name: Viorst Judith
670 ## - SOURCE DATA FOUND
- Source citation: Work cat.: (OSt): Viorst Judith, Alexander, Who Used to be Rich Last Sunday, 1993